000 01508ctm a22003011a 4500
003 SA-RiAUC
005 20251218140825.0
007 co ug ---uuauu         
008 251218s1984 su fsbm 00000 ara c
040 _aSA-JeALM
_bara
_cSA-RiAUC
_erda
082 0 4 _a251.6
_qSA-RiAUC
090 _aر 251.6
_bن د و
100 1 _aالندوي، علي أحمد غلام محمد
245 1 2 _aالقواعد الفقهية وأثرها في الفقه الإسلامي
_cعلي أحمد غلام محمد الندوي ؛ إشراف ياسين شاذلي.
260 _c1984
264 _aمكة المكرمة :
_bجامعة أم القرى .
_c1984
300 _a376 ورقة .
_c30 سم .
500 _aاهداء من المؤلف علي الندوي الى الشيخ رحمه الله بتاريخ 1 شعبان 1404 هـ
500 _aأطروحة (ماجستير)-جامعة أم القرى، كلية الشريعة، قسم الدراسات العليا، 1984.
502 _aأطروحة (ماجستير)-جامعة أم القرى، كلية الشريعة، قسم الدراسات العليا، 1984.
504 _aيشتمل على إرجاعات ببليوجرافية.
530 _aمتاحة نسخة على شكل مطبوع.
650 7 _aالقواعد الفقهية
_2aucsh
650 7 _aأصول الفقه الإسلامي
_2aucsh
700 _aشاذلي، ياسين
_eمشرف .
942 _2ddc
_cTHESES
_n0
949 _aSA-JeALM
_d251218
_uosman123
_n1
999 _c13593
_d13593